Statistics for Hardest Geography Quiz

Click here to take the quiz!

General Stats

  • This quiz has been taken 399 times
  • The average score is 8 of 15

Answer Stats

HintAnswer% Correct
VaduzLiechtenstein
83%
PristinaKosovo
75%
WindhoekNamibia
73%
TashkentUzbekistan
71%
TegucigalpaHonduras
69%
FreetownSierra Leone
69%
ParamariboSuriname
65%
LusakaZambia
60%
FunafutiTuvalu
52%
Nuku'alofaTonga
51%
EritreaAsmara
50%
MoroniComoros
47%
MajuroMarshall Islands
41%
BishkekKyrgzstan
4%
ChisinauMoldvoa
1%

Score Distribution

Percentile by Number Answered

Percent of People with Each Score

Your Score History

You have not taken this quiz